Jareb; (Запис № 513930)

МАРК-запис
000 -LEADER
fixed length control field 01374cam a2200301I 4500
001 - CONTROL NUMBER
control field jarebpow00powe
003 - CONTROL NUMBER IDENTIFIER
control field CaSfIA
005 - DATE AND TIME OF LATEST TRANSACTION
control field 20210118104310.0
007 - PHYSICAL DESCRIPTION FIXED FIELD--GENERAL INFORMATION
fixed length control field cr||||
008 - FIXED-LENGTH DATA ELEMENTS--GENERAL INFORMATION
fixed length control field 750728s1952 nyua 000 1 eng c
010 ## - LIBRARY OF CONGRESS CONTROL NUMBER
LC control number 52007040
040 ## - CATALOGING SOURCE
Original cataloging agency DZM
Transcribing agency DZM
Modifying agency OCLCQ
-- MNF
-- AAA
-- CaSfIA
035 ## - SYSTEM CONTROL NUMBER
System control number (OCoLC)1484823
050 04 - LIBRARY OF CONGRESS CALL NUMBER
Classification number PZ7.P8776
092 ## - LOCALLY ASSIGNED DEWEY CALL NUMBER (OCLC)
Classification number J
Item number P8854j
029 1# - (OCLC)
OCLC library identifier AU@
System control number 000027392231
100 1# - MAIN ENTRY--PERSONAL NAME
Personal name Powell, Miriam.
245 10 - TITLE STATEMENT
Title Jareb;
Medium [electronic resource]
Statement of responsibility, etc illustrated by Marc Simont.
260 ## - PUBLICATION, DISTRIBUTION, ETC. (IMPRINT)
Place of publication, distribution, etc New York,
Name of publisher, distributor, etc Crowell
Date of publication, distribution, etc [1952]
300 ## - PHYSICAL DESCRIPTION
Extent 241 p.
Other physical details illus.
Dimensions 21 cm.
520 ## - SUMMARY, ETC.
Summary, etc Fourteen year old Jareb, his dog Sawbuck, and their family live a hard-scrabble existence in rural Georgia.
506 ## - RESTRICTIONS ON ACCESS NOTE
Standardized terminology for access restriction Необхідна авторизація на https://archive.org/ (створення облікового запису безкоштовно)
506 ## - RESTRICTIONS ON ACCESS NOTE
Standardized terminology for access restriction Необхідна авторизація на https://openlibrary.org/ (створення облікового запису безкоштовно)
776 08 - ADDITIONAL PHYSICAL FORM ENTRY
Display text Online version:
Main entry heading Powell, Miriam.
Title Jareb.
Place, publisher, and date of publication New York, Crowell [1952]
Record control number (OCoLC)609515554
856 41 - ELECTRONIC LOCATION AND ACCESS
Uniform Resource Identifier <a href="http://www.archive.org/details/jarebpow00powe">http://www.archive.org/details/jarebpow00powe</a>
Public note Free eBook from the Internet Archive
856 42 - ELECTRONIC LOCATION AND ACCESS
Uniform Resource Identifier <a href="http://www.openlibrary.org/books/OL6110748M">http://www.openlibrary.org/books/OL6110748M</a>
Public note Additional information and access via Open Library
942 ## - ADDED ENTRY ELEMENTS (KOHA)
Koha item type ЕКнига

Немає доступних примірників.